000 00396 a2200157 4500
001 155607
040 _cEscola São Tomás de Aquino
100 _aSPONVILLE- André Comte
240 1 0 _aPequeno tratado das grandes virtudes
_lpor
245 1 0 _aPequeno tratado das grandes virtudes
300 _a392
362 0 _a2009
440 1 _aPositivo
697 _aFILOSOFIA E PSICOLOGIA
942 _cBK
999 _c155607
_d155607